<?xml version="1.0" encoding="UTF-8"?>
<record
    xmlns:xsi="http://www.w3.org/2001/XMLSchema-instance"
    xsi:schemaLocation="http://www.loc.gov/MARC21/slim http://www.loc.gov/standards/marcxml/schema/MARC21slim.xsd"
    xmlns="http://www.loc.gov/MARC21/slim">

  <leader>00796nas a2200241 454500</leader>
  <controlfield tag="001">56842</controlfield>
  <controlfield tag="005">20260407193512.0</controlfield>
  <controlfield tag="008">260407s2013####ag###########|||spa#d</controlfield>
  <controlfield tag="003">AR-UNSa-BCEJYS</controlfield>
  <datafield tag="040" ind1=" " ind2=" ">
    <subfield code="a">AR-UNSa-BCEJYS</subfield>
    <subfield code="b">spa</subfield>
    <subfield code="c">AR-UNSa-BCEJYS</subfield>
  </datafield>
  <datafield tag="080" ind1=" " ind2=" ">
    <subfield code="a">658:631.1</subfield>
    <subfield code="x">Administraci&#xF3;n de empresas agropecuarias(maquinarias, etc.)</subfield>
  </datafield>
  <datafield tag="245" ind1="1" ind2="0">
    <subfield code="a">Consultor agropecuario</subfield>
  </datafield>
  <datafield tag="264" ind1=" " ind2="1">
    <subfield code="a">Buenos Aires :</subfield>
    <subfield code="b">Errepar</subfield>
    <subfield code="c">2013</subfield>
  </datafield>
  <datafield tag="310" ind1=" " ind2=" ">
    <subfield code="a">Frecuencia: Bimestral</subfield>
  </datafield>
  <datafield tag="041" ind1=" " ind2=" ">
    <subfield code="a">spa</subfield>
  </datafield>
  <datafield tag="942" ind1=" " ind2=" ">
    <subfield code="c">SER</subfield>
  </datafield>
  <datafield tag="590" ind1=" " ind2=" ">
    <subfield code="a">niveau_biblio:s niveau_hierar:1</subfield>
  </datafield>
  <datafield tag="100" ind1="1" ind2=" ">
    <subfield code="a">Chiarad&#xED;a, Claudia A.</subfield>
  </datafield>
  <datafield tag="650" ind1=" " ind2=" ">
    <subfield code="a">IMPUESTOS</subfield>
  </datafield>
  <datafield tag="650" ind1=" " ind2=" ">
    <subfield code="a">ADMINISTRACION DE EMPRESAS AGROPECUARIAS</subfield>
  </datafield>
  <datafield tag="650" ind1=" " ind2=" ">
    <subfield code="a">ACTIVIDAD AGROPECUARIA</subfield>
  </datafield>
  <datafield tag="856" ind1="4" ind2="1">
    <subfield code="u">https://biblioeco.unsa.edu.ar/pmb/images/revistas/R10461.jpg</subfield>
    <subfield code="y">Imagen de portada</subfield>
    <subfield code="q">image/jpeg</subfield>
  </datafield>
  <datafield tag="999" ind1=" " ind2=" ">
    <subfield code="c">8980</subfield>
    <subfield code="d">8980</subfield>
  </datafield>
  <datafield tag="952" ind1=" " ind2=" ">
    <subfield code="0">0</subfield>
    <subfield code="1">0</subfield>
    <subfield code="4">0</subfield>
    <subfield code="7">0</subfield>
    <subfield code="a">BCEJYS</subfield>
    <subfield code="b">BCEJYS</subfield>
    <subfield code="c">17</subfield>
    <subfield code="d">2025-11-01</subfield>
    <subfield code="h">N&#xBA; 76 - nov./dic. 2025</subfield>
    <subfield code="l">0</subfield>
    <subfield code="o">H658:631.1 CON 76</subfield>
    <subfield code="p">R23518</subfield>
    <subfield code="r">2026-04-10 16:10:21</subfield>
    <subfield code="w">2026-04-10</subfield>
    <subfield code="y">RN</subfield>
  </datafield>
  <datafield tag="952" ind1=" " ind2=" ">
    <subfield code="0">0</subfield>
    <subfield code="1">0</subfield>
    <subfield code="4">0</subfield>
    <subfield code="7">0</subfield>
    <subfield code="a">BCEJYS</subfield>
    <subfield code="b">BCEJYS</subfield>
    <subfield code="c">17</subfield>
    <subfield code="d">2025-09-01</subfield>
    <subfield code="h">N&#xBA; 75 - sep./oct. 2025</subfield>
    <subfield code="l">0</subfield>
    <subfield code="o">H658:631.1 CON 75</subfield>
    <subfield code="p">R23491</subfield>
    <subfield code="r">2026-04-10 16:10:21</subfield>
    <subfield code="w">2026-04-10</subfield>
    <subfield code="y">RN</subfield>
  </datafield>
  <datafield tag="952" ind1=" " ind2=" ">
    <subfield code="0">0</subfield>
    <subfield code="1">0</subfield>
    <subfield code="4">0</subfield>
    <subfield code="7">0</subfield>
    <subfield code="a">BCEJYS</subfield>
    <subfield code="b">BCEJYS</subfield>
    <subfield code="c">17</subfield>
    <subfield code="d">2025-07-01</subfield>
    <subfield code="h">N&#xBA; 74 - jul./ago. 2025</subfield>
    <subfield code="l">0</subfield>
    <subfield code="o">H658:631.1 CON 74</subfield>
    <subfield code="p">R23481</subfield>
    <subfield code="r">2026-04-10 16:10:21</subfield>
    <subfield code="w">2026-04-10</subfield>
    <subfield code="y">RN</subfield>
  </datafield>
  <datafield tag="952" ind1=" " ind2=" ">
    <subfield code="0">0</subfield>
    <subfield code="1">0</subfield>
    <subfield code="4">0</subfield>
    <subfield code="7">0</subfield>
    <subfield code="a">BCEJYS</subfield>
    <subfield code="b">BCEJYS</subfield>
    <subfield code="c">17</subfield>
    <subfield code="d">2025-05-01</subfield>
    <subfield code="h">N&#xBA; 73 - mayo/jun. 2025</subfield>
    <subfield code="l">0</subfield>
    <subfield code="o">H658:631.1 CON 73</subfield>
    <subfield code="p">R23471</subfield>
    <subfield code="r">2026-04-10 16:10:21</subfield>
    <subfield code="w">2026-04-10</subfield>
    <subfield code="y">RN</subfield>
  </datafield>
  <datafield tag="952" ind1=" " ind2=" ">
    <subfield code="0">0</subfield>
    <subfield code="1">0</subfield>
    <subfield code="4">0</subfield>
    <subfield code="7">0</subfield>
    <subfield code="a">BCEJYS</subfield>
    <subfield code="b">BCEJYS</subfield>
    <subfield code="c">17</subfield>
    <subfield code="d">2025-03-01</subfield>
    <subfield code="h">N&#xBA; 72 - mar./abr. 2025</subfield>
    <subfield code="l">0</subfield>
    <subfield code="o">H658:631.1 CON 72</subfield>
    <subfield code="p">R23451</subfield>
    <subfield code="r">2026-04-10 16:10:21</subfield>
    <subfield code="w">2026-04-10</subfield>
    <subfield code="y">RN</subfield>
  </datafield>
  <datafield tag="952" ind1=" " ind2=" ">
    <subfield code="0">0</subfield>
    <subfield code="1">0</subfield>
    <subfield code="4">0</subfield>
    <subfield code="7">0</subfield>
    <subfield code="a">BCEJYS</subfield>
    <subfield code="b">BCEJYS</subfield>
    <subfield code="c">17</subfield>
    <subfield code="d">2025-01-01</subfield>
    <subfield code="h">N&#xBA; 71 - ene./feb. 2025</subfield>
    <subfield code="l">0</subfield>
    <subfield code="o">H658:631.1 CON 71</subfield>
    <subfield code="p">R23421</subfield>
    <subfield code="r">2026-04-10 16:10:21</subfield>
    <subfield code="w">2026-04-10</subfield>
    <subfield code="y">RN</subfield>
  </datafield>
  <datafield tag="952" ind1=" " ind2=" ">
    <subfield code="0">0</subfield>
    <subfield code="1">0</subfield>
    <subfield code="4">0</subfield>
    <subfield code="7">0</subfield>
    <subfield code="a">BCEJYS</subfield>
    <subfield code="b">BCEJYS</subfield>
    <subfield code="c">17</subfield>
    <subfield code="d">2024-11-01</subfield>
    <subfield code="h">N&#xBA; 70 - nov./dic. 2024</subfield>
    <subfield code="l">0</subfield>
    <subfield code="o">H658:631.1 CON 70</subfield>
    <subfield code="p">R23381</subfield>
    <subfield code="r">2026-04-10 16:10:21</subfield>
    <subfield code="w">2026-04-10</subfield>
    <subfield code="y">RN</subfield>
  </datafield>
  <datafield tag="952" ind1=" " ind2=" ">
    <subfield code="0">0</subfield>
    <subfield code="1">0</subfield>
    <subfield code="4">0</subfield>
    <subfield code="7">0</subfield>
    <subfield code="a">BCEJYS</subfield>
    <subfield code="b">BCEJYS</subfield>
    <subfield code="c">17</subfield>
    <subfield code="d">2024-10-01</subfield>
    <subfield code="h">N&#xBA; 69 - oct. 2024</subfield>
    <subfield code="l">0</subfield>
    <subfield code="o">H658:631.1 CON 69</subfield>
    <subfield code="p">R23373</subfield>
    <subfield code="r">2026-04-10 16:10:21</subfield>
    <subfield code="w">2026-04-10</subfield>
    <subfield code="y">RN</subfield>
  </datafield>
  <datafield tag="952" ind1=" " ind2=" ">
    <subfield code="0">0</subfield>
    <subfield code="1">0</subfield>
    <subfield code="4">0</subfield>
    <subfield code="7">0</subfield>
    <subfield code="a">BCEJYS</subfield>
    <subfield code="b">BCEJYS</subfield>
    <subfield code="c">17</subfield>
    <subfield code="d">2024-08-01</subfield>
    <subfield code="h">N&#xBA; 68 - ago./sep. 2024</subfield>
    <subfield code="l">0</subfield>
    <subfield code="o">H658:631.1 CON 68</subfield>
    <subfield code="p">R23356</subfield>
    <subfield code="r">2026-04-10 16:10:21</subfield>
    <subfield code="w">2026-04-10</subfield>
    <subfield code="y">RN</subfield>
  </datafield>
  <datafield tag="952" ind1=" " ind2=" ">
    <subfield code="0">0</subfield>
    <subfield code="1">0</subfield>
    <subfield code="4">0</subfield>
    <subfield code="7">0</subfield>
    <subfield code="a">BCEJYS</subfield>
    <subfield code="b">BCEJYS</subfield>
    <subfield code="c">17</subfield>
    <subfield code="d">2024-06-01</subfield>
    <subfield code="h">N&#xBA; 67 - jun./jul. 2024</subfield>
    <subfield code="l">0</subfield>
    <subfield code="o">H658:631.1 CON 67</subfield>
    <subfield code="p">R23341</subfield>
    <subfield code="r">2026-04-10 16:10:21</subfield>
    <subfield code="w">2026-04-10</subfield>
    <subfield code="y">RN</subfield>
  </datafield>
  <datafield tag="952" ind1=" " ind2=" ">
    <subfield code="0">0</subfield>
    <subfield code="1">0</subfield>
    <subfield code="4">0</subfield>
    <subfield code="7">0</subfield>
    <subfield code="a">BCEJYS</subfield>
    <subfield code="b">BCEJYS</subfield>
    <subfield code="c">17</subfield>
    <subfield code="d">2024-04-01</subfield>
    <subfield code="h">N&#xB0; 66 - abr./mayo 2024</subfield>
    <subfield code="l">0</subfield>
    <subfield code="o">H658:631.1 CON 66</subfield>
    <subfield code="p">R00526</subfield>
    <subfield code="r">2026-04-10 16:10:21</subfield>
    <subfield code="w">2026-04-10</subfield>
    <subfield code="y">RN</subfield>
  </datafield>
  <datafield tag="952" ind1=" " ind2=" ">
    <subfield code="0">0</subfield>
    <subfield code="1">0</subfield>
    <subfield code="4">0</subfield>
    <subfield code="7">0</subfield>
    <subfield code="a">BCEJYS</subfield>
    <subfield code="b">BCEJYS</subfield>
    <subfield code="c">17</subfield>
    <subfield code="d">2024-03-01</subfield>
    <subfield code="h">N&#xB0; 65 - feb./mar. 2024</subfield>
    <subfield code="l">0</subfield>
    <subfield code="o">H658:631.1 CON 65</subfield>
    <subfield code="p">R10352</subfield>
    <subfield code="r">2026-04-10 16:10:21</subfield>
    <subfield code="w">2026-04-10</subfield>
    <subfield code="y">RN</subfield>
  </datafield>
  <datafield tag="952" ind1=" " ind2=" ">
    <subfield code="0">0</subfield>
    <subfield code="1">0</subfield>
    <subfield code="4">0</subfield>
    <subfield code="7">0</subfield>
    <subfield code="a">BCEJYS</subfield>
    <subfield code="b">BCEJYS</subfield>
    <subfield code="c">17</subfield>
    <subfield code="d">2024-01-01</subfield>
    <subfield code="h">N&#xB0; 64 - dic.2023/ene.2024</subfield>
    <subfield code="l">0</subfield>
    <subfield code="o">H658:631.1 CON 64</subfield>
    <subfield code="p">R00500</subfield>
    <subfield code="r">2026-04-10 16:10:21</subfield>
    <subfield code="w">2026-04-10</subfield>
    <subfield code="y">RN</subfield>
  </datafield>
  <datafield tag="952" ind1=" " ind2=" ">
    <subfield code="0">0</subfield>
    <subfield code="1">0</subfield>
    <subfield code="4">0</subfield>
    <subfield code="7">0</subfield>
    <subfield code="a">BCEJYS</subfield>
    <subfield code="b">BCEJYS</subfield>
    <subfield code="c">17</subfield>
    <subfield code="d">2023-11-01</subfield>
    <subfield code="h">N&#xB0; 63 - oct./nov. 2023</subfield>
    <subfield code="l">0</subfield>
    <subfield code="o">H658:631.1 CON 63</subfield>
    <subfield code="p">R00422</subfield>
    <subfield code="r">2026-04-10 16:10:21</subfield>
    <subfield code="w">2026-04-10</subfield>
    <subfield code="y">RN</subfield>
  </datafield>
  <datafield tag="952" ind1=" " ind2=" ">
    <subfield code="0">0</subfield>
    <subfield code="1">0</subfield>
    <subfield code="4">0</subfield>
    <subfield code="7">0</subfield>
    <subfield code="a">BCEJYS</subfield>
    <subfield code="b">BCEJYS</subfield>
    <subfield code="c">17</subfield>
    <subfield code="d">2023-09-01</subfield>
    <subfield code="h">N&#xB0; 62 - ago./sep. 2023</subfield>
    <subfield code="l">0</subfield>
    <subfield code="o">H658:631.1 CON 62</subfield>
    <subfield code="p">R10368</subfield>
    <subfield code="r">2026-04-10 16:10:21</subfield>
    <subfield code="w">2026-04-10</subfield>
    <subfield code="y">RN</subfield>
  </datafield>
  <datafield tag="952" ind1=" " ind2=" ">
    <subfield code="0">0</subfield>
    <subfield code="1">0</subfield>
    <subfield code="4">0</subfield>
    <subfield code="7">0</subfield>
    <subfield code="a">BCEJYS</subfield>
    <subfield code="b">BCEJYS</subfield>
    <subfield code="c">17</subfield>
    <subfield code="d">2023-07-01</subfield>
    <subfield code="h">N&#xB0; 61 - jun./jul. 2023</subfield>
    <subfield code="l">0</subfield>
    <subfield code="o">H658:631.1 CON 61</subfield>
    <subfield code="p">R10450</subfield>
    <subfield code="r">2026-04-10 16:10:21</subfield>
    <subfield code="w">2026-04-10</subfield>
    <subfield code="y">RN</subfield>
  </datafield>
  <datafield tag="952" ind1=" " ind2=" ">
    <subfield code="0">0</subfield>
    <subfield code="1">0</subfield>
    <subfield code="4">0</subfield>
    <subfield code="7">0</subfield>
    <subfield code="a">BCEJYS</subfield>
    <subfield code="b">BCEJYS</subfield>
    <subfield code="c">17</subfield>
    <subfield code="d">2023-05-01</subfield>
    <subfield code="h">N&#xB0; 60 - abr./mayo 2023</subfield>
    <subfield code="l">0</subfield>
    <subfield code="o">H658:631.1 CON 60</subfield>
    <subfield code="p">R10461</subfield>
    <subfield code="r">2026-04-10 16:10:21</subfield>
    <subfield code="w">2026-04-10</subfield>
    <subfield code="y">RN</subfield>
  </datafield>
  <datafield tag="952" ind1=" " ind2=" ">
    <subfield code="0">0</subfield>
    <subfield code="1">0</subfield>
    <subfield code="4">0</subfield>
    <subfield code="7">0</subfield>
    <subfield code="a">BCEJYS</subfield>
    <subfield code="b">BCEJYS</subfield>
    <subfield code="c">17</subfield>
    <subfield code="d">2023-03-01</subfield>
    <subfield code="h">N&#xB0; 59 - feb./mar. 2023</subfield>
    <subfield code="l">0</subfield>
    <subfield code="o">H658:631.1 CON 59</subfield>
    <subfield code="p">R00516</subfield>
    <subfield code="r">2026-04-10 16:10:21</subfield>
    <subfield code="w">2026-04-10</subfield>
    <subfield code="y">RN</subfield>
  </datafield>
  <datafield tag="952" ind1=" " ind2=" ">
    <subfield code="0">0</subfield>
    <subfield code="1">0</subfield>
    <subfield code="4">0</subfield>
    <subfield code="7">0</subfield>
    <subfield code="a">BCEJYS</subfield>
    <subfield code="b">BCEJYS</subfield>
    <subfield code="c">17</subfield>
    <subfield code="d">2022-12-01</subfield>
    <subfield code="h">N&#xB0; 58 - dic.2022/ene.2023</subfield>
    <subfield code="l">0</subfield>
    <subfield code="o">H658:631.1 CON 58</subfield>
    <subfield code="p">R10516</subfield>
    <subfield code="r">2026-04-10 16:10:21</subfield>
    <subfield code="w">2026-04-10</subfield>
    <subfield code="y">RN</subfield>
  </datafield>
  <datafield tag="952" ind1=" " ind2=" ">
    <subfield code="0">0</subfield>
    <subfield code="1">0</subfield>
    <subfield code="4">0</subfield>
    <subfield code="7">0</subfield>
    <subfield code="a">BCEJYS</subfield>
    <subfield code="b">BCEJYS</subfield>
    <subfield code="c">17</subfield>
    <subfield code="d">2022-10-01</subfield>
    <subfield code="h">N&#xB0; 57 - oct./nov. 2022</subfield>
    <subfield code="l">0</subfield>
    <subfield code="o">H658:631.1 CON 57</subfield>
    <subfield code="p">R00437</subfield>
    <subfield code="r">2026-04-10 16:10:21</subfield>
    <subfield code="w">2026-04-10</subfield>
    <subfield code="y">RN</subfield>
  </datafield>
  <datafield tag="952" ind1=" " ind2=" ">
    <subfield code="0">0</subfield>
    <subfield code="1">0</subfield>
    <subfield code="4">0</subfield>
    <subfield code="7">0</subfield>
    <subfield code="a">BCEJYS</subfield>
    <subfield code="b">BCEJYS</subfield>
    <subfield code="c">17</subfield>
    <subfield code="d">2022-08-01</subfield>
    <subfield code="h">N&#xB0; 56 - ago./sep. 2022</subfield>
    <subfield code="l">0</subfield>
    <subfield code="o">H658:631.1 CON 56</subfield>
    <subfield code="p">R10502</subfield>
    <subfield code="r">2026-04-10 16:10:21</subfield>
    <subfield code="w">2026-04-10</subfield>
    <subfield code="y">RN</subfield>
  </datafield>
  <datafield tag="952" ind1=" " ind2=" ">
    <subfield code="0">0</subfield>
    <subfield code="1">0</subfield>
    <subfield code="4">0</subfield>
    <subfield code="7">0</subfield>
    <subfield code="a">BCEJYS</subfield>
    <subfield code="b">BCEJYS</subfield>
    <subfield code="c">17</subfield>
    <subfield code="d">2022-06-01</subfield>
    <subfield code="h">N&#xBA; 55 - jun./jul. 2022</subfield>
    <subfield code="l">0</subfield>
    <subfield code="o">H658:631.1 CON 55</subfield>
    <subfield code="p">R00486</subfield>
    <subfield code="r">2026-04-10 16:10:21</subfield>
    <subfield code="w">2026-04-10</subfield>
    <subfield code="y">RN</subfield>
  </datafield>
</record>
